000
00287nam a22001337a 4500
008
170328b xxu||||| |||| 00| 0 eng d
020
_a
0312731337
041
_a
eng
080
_a
796.3
100
_a
8
101
_a
shm
245
_a
SOCCER FUNDAMENTALS
_c
LEARMOUTH, J
942
_2
udc
_c
BK
999
_c
8873
_d
8873